Així és el Parc Natural del Garraf : el misteri de la Falconera / text: TALP, Serveis d'Educació Ambiental ; il·lustració: Maria Rius el misteri de la Falconera / text:
MARC
| LEADER | 00000nam a2200000Ia 4500 | ||
|---|---|---|---|
| 001 | 12222 | ||
| 003 | Arxiu | ||
| 005 | 20260324175610.0 | ||
| 008 | 160829s1997 xx 000 0 cat d | ||
| 020 | |a 84-89622-81-7 | ||
| 080 | |a FU-16-10 | ||
| 245 | |a Així és el Parc Natural del Garraf : |b el misteri de la Falconera / text: |b TALP, Serveis d'Educació Ambiental ; il·lustració: |b Maria Rius | ||
| 260 | |a Barcelona : |b Editorial Mediterrània : |b Diputació de Barcelona. Servei de Recursos Culturals. Servei de Parcs Naturals, |c 1997 | ||
| 300 | |a [16] p. : |b il., col., 1 f. pleg. solt ; |c 27 cm | ||
| 490 | |a Ciutat i natura ; 7 | ||
| 590 | |a Aquest llibre s'ha confeccionat dins el programa 'Viu el parc' | ||
| 610 | 0 | |a Parc del Garraf (Catalunya) |9 9859 | |
| 650 | 0 | |a Educació ambiental |9 30861 | |
| 700 | 1 | |a Rius, Maria, |d 1938- |e il·lustradora |9 33436 | |
| 710 | |a Barcelona (Catalunya : Província). |b Servei de Parcs Naturals |9 53492 | ||
| 710 | |a TALP, Serveis d'Educació Ambiental |9 5000 | ||
| 710 | 1 | |a Barcelona (Catalunya : Província). |b Servei de Recursos Culturals |9 56005 | |
| 901 | |a Arxiu | ||
| 942 | |n 1 |2 udc | ||
| 952 | |0 0 |1 0 |4 0 |6 FU1610 |7 1 |9 46577 |a Arxiu |b Arxiu |d 2016-12-01 |l 0 |o FU-16-10 |p 12222 |r 2016-12-01 00:00:00 |w 2016-12-01 |y ARXIU | ||
| 999 | |c 50370 |d 50370 | ||